Normal view
MARC view
- Sacarello, Hildegarde L. A.
Entry Personal Name
001 - CONTROL NUMBER
- control field: 6999
003 - CONTROL NUMBER IDENTIFIER
- control field: NUST
005 - DATE AND TIME OF LATEST TRANSACTION
- control field: 20171206114713.0
008 - FIXED-LENGTH DATA ELEMENTS
- fixed length control field: 171206|| aca||aabn | a|a d
040 ## - CATALOGING SOURCE
- Original cataloging agency: NUST
- Transcribing agency: NUST
100 ## - HEADING--PERSONAL NAME
- Personal name: Sacarello, Hildegarde L. A.
670 ## - SOURCE DATA FOUND
- Source citation: Work cat.: (NUST)0: Sacarello, Hildegarde L. A., The comprehensive handbook of hazardous materials :, c1994.
